004020000a22001090004500090001700000245007800017041001400095100005100109942001300160773010200173999001700275 aAsbSeriadas10aGeografía de las plantas scuadro físico de las regiones ecuatoriales0 aEspañol1 aBarón de Humboldt, Federico Alejandro999922 cARTICULO1 tRevista de la Academia Colombiana de Ciencias Exactas, Físicas y Naturalesh29q65-103d1950g8 c15678d15678